Microcontrolador universal aplicado a un control de temperatura basado en el 8051

Na minha lista:
Detalhes bibliográficos
Autor principal: Bertin Prado, Roberto
Formato: Livro
Publicado em: [San José , Costa Rica] 1995
Assuntos:
Tags: Adicionar Tag
Sem tags, seja o primeiro a adicionar uma tag!

MARC

LEADER 00000nam a2200000Ia 4500
003 007785
005 20221231144252.0
008 140114s1995 cr a m 000 ||s d
040 |c cru CEDI 
090 |a TFG 3359 
100 |a Bertin Prado, Roberto  |9 5703 
245 |a Microcontrolador universal aplicado a un control de temperatura basado en el 8051 
260 |c 1995  |a [San José , Costa Rica] 
300 |a  x, 53 páginas  
500 |a  Proyecto de graduación (bachillerato en ingeniería eléctrica)--Universidad de Costa Rica. Facultad de Ingeniería. Escuela de Ingeniería Eléctrica 
650 |x MICROCONTROLADORES   |x INTEL 8051   |x CONTROL AUTOMATICO  |9 9559 
942 |c TFG 
999 |c 19337  |d 19337